00721nam a2200193 a 4500008004100000020001500041050001500056100003100071245007700102250001200179260003200191300002200223350000900245650002300254650002200277995008800299999001700387952012300404120416s1978 ||||||||||||||||| || u a0070652155 aHB 801 Tro aTroelstrup, Archie William14aThe consumer in American society: personal and family finance. (6th ed.) a6th ed. aNew YorkbMcGraw-Hillc1978 axxi, 567p. : ill. a0.00 aCONSUMER EDUCATION aFINANCE, PERSONAL D0.00FCBU-MAIN LIBRARY (Kitwe)H1I12.35M1UAVAILABLEZAnnex Low-Usage Collection  c38600d38600 00102lcc4070a001b001cAnnex Low-Usage Collection d2022-11-30l0oHB 801 Trop002383r2022-11-30w2022-11-30y002